[Event "Hoogeveen Essent Crown"]
[Site "Hoogeveen"]
[Date "2003.10.16"]
[Round "4"]
[White "Karpov, Anatoly"]
[Black "Polgar, Judit"]
[Result "1/2-1/2"]
[WhiteElo "2693"]
[BlackElo "2722"]
[Annotator "Postny,E"]
[PlyCount "133"]
[EventDate "2003.10.12"]
[EventType "tourn"]
[EventRounds "6"]
[EventCountry "NED"]
[EventCategory "18"]
[Source "ChessBase"]
[SourceDate "2004.02.03"]

1. d4 Nf6 2. c4 e6 3. Nc3 Bb4 4. Qc2 O-O 5. e4 d5 {This is the most aggressive
way to meet white's last move. Karpov as black prefered 5...d6 against I.
Sokolov few rounds before.} 6. e5 Ne4 7. a3 ({The main alternative is} 7. Bd3)
7... Bxc3+ 8. bxc3 c5 9. Bd3 (9. Bb2 cxd4 10. cxd4 Bd7 (10... Qa5+ 11. Ke2 f6
12. f3 Ng5 13. h4 Nf7 14. exf6 gxf6 15. Kf2 Nc6 16. Bd3 dxc4 17. Bxh7+ Kh8 18.
Ne2 $16 {1-0 Giorgadze,G-Illescas Cordoba,M/Barcelona 2000/CBM 77 ext (32)})
11. Bd3 Qa5+ 12. Ke2 Rc8 13. f3 f5 14. exf6 Nxf6 15. c5 Bb5 16. Bc3 Bxd3+ 17.
Qxd3 Qa4 18. Kf2 Nbd7 19. Ne2 $11 {1/2-1/2 Shariyazdanov,A-Sasikiran,K/Raipur
2002/CBM 87 ext (22)}) 9... cxd4 (9... Qa5 10. Ne2 cxd4 11. cxd5 exd5 12. f3
Nxc3 13. Nxd4 Ne4+ 14. Ke2 Qc3 15. Bxe4 Qxd4 16. Bxh7+ Kh8 17. Bb2 Qh4 18. Bd3
Nc6 19. Kf1 Bd7 20. Re1 Rfe8 $132 {1/2-1/2 Belozerov,A-Sakaev,K/Krasnoyarsk
2003/CBM 98 (26)}) (9... Nc6 10. Ne2 cxd4 11. cxd4 Qa5+ 12. Kf1 Nb4 13. axb4
Qxa1 14. f3 f5 15. Qb1 Qxb1 16. Bxb1 a5 17. b5 a4 18. fxe4 fxe4+ 19. Ke1 $16 {
1-0 Shariyazdanov,A-Rashkovsky,N/Oberwart 2002/CBM 89 ext (28)}) 10. cxd4 (10.
cxd5 exd5 11. cxd4 f6 12. exf6 Qxf6 13. Be3 Nc6 14. Ne2 Bf5 15. O-O Nd6 $11 {
1-0 Sokolov,I-Polaczek,R/Antwerp 1996/EXT 97 (41)}) 10... Qa5+ 11. Kf1 {White
is losing his right to castle, but is hoping to make use of his pair of
bishops, as well as better control over the centre.} Bd7 (11... f5 12. exf6
Nxf6 13. Bd2 Qc7 14. cxd5 Qxc2 15. Bxc2 exd5 16. Bb4 Re8 17. f3 Nc6 18. Ne2 Bd7
$11 {0-1 Belozerov,A-Lahno,K/Rethymnon 2003/CBM 98 (67)}) (11... Nc6 12. Ne2
Bd7 13. Rb1 f6 14. cxd5 exd5 15. Rb5 Qd8 16. Rxd5 $18 {1-0 El Gindy,E-Pavlovic,
M/Linares 2003 (27)}) (11... Qc3 12. Rb1 Qxd4 13. Bb2 Qc5 14. f3 f5 15. exf6
Nxf6 16. Bxf6 Rxf6 17. Bxh7+ Kf7 18. cxd5 Qxc2 19. dxe6+ Rxe6 20. Bxc2 $16 {1/
2-1/2 Shariyazdanov,A-Mishra,N/Raipur 2002/CBM 87 ext (38)}) 12. Ne2 Ba4 $146 (
12... f6 13. Bxe4 dxe4 14. exf6 Rxf6 15. Be3 Bc6 16. h4 Nd7 17. Rh3 Rc8 $11 {
1/2-1/2 Shariyazdanov,A-Pikula,D/Biel 2002/EXT 2003 (42)}) 13. Qb2 Nc6 $1 14.
cxd5 (14. Qxb7 $4 Rab8 15. Qd7 Rfd8 $19 {[%csl Rd7]}) (14. f3 f6 $1 {[%csl Rf1,
Gf8][%cal Gf8f1]} 15. cxd5 (15. fxe4 $2 fxe5+ $17 16. Kg1 $4 Qe1#) 15... exd5
16. e6 f5 $15 {[%csl Re6]}) 14... exd5 15. Be3 (15. f3 f6 {- see 14.f3.}) (15.
Qxb7 $2 a6 $1 {[%cal Gf8b8]} (15... Nxd4 16. Qb4 (16. Nxd4 $2 Qc3 $17) 16...
Qxb4 17. axb4 Bb5 $11) 16. Bxe4 (16. Qb2 Rab8 17. Qa2 Bb3 18. Qb2 Bd1 $1 19.
Qa2 Bxe2+ $19 {[%csl Rd4]}) 16... dxe4 $17) (15. Bf4 f6 $36) 15... f6 16. Bxe4
dxe4 17. exf6 Rxf6 18. Kg1 Bb5 $6 ({More to the point is} 18... Rd8 {putting
pressure on white's Pd4.}) 19. Ng3 Bd3 20. Rc1 Raf8 $6 {There is no real point
for doubling the rooks on the "f" file, the Pf2 is very well protected.} (20...
Rd8 $142) 21. h4 b6 $6 {Another dubious move, weakening the Nc6.} (21... R6f7
$142) 22. Qb3+ Kh8 23. h5 h6 24. Rh4 Rd6 ({Very beautiful variation is:} 24...
Nxd4 $2 25. Bxd4 Qg5 {[%csl Rc1,Rh4]} 26. Rc7 $3 Qxh4 {[%tqu "Please  enter  a
move  for  white.","","",Rxg7,"",10]} 27. Rxg7 $1 {[%cal Gg7g6]} Rc8 (27...
Kxg7 28. Nf5+ $18 {[%csl Rg7,Rh4]}) 28. Rg8+ $1 (28. Qb2 $1 $18) 28... Rxg8 29.
Qf7 Rg7 30. Bxf6 Qg4 31. Qxa7 $18) 25. Rf4 $1 $16 {Suddenly, all white's
pieces are very well coordinated. Black is in serious trouble.} (25. Nxe4 $2
Nxd4) (25. Rxe4 $2 Bxe4 26. Nxe4 Nxd4) 25... Rxf4 (25... Rfd8 26. Rf7 Nxd4 27.
Bxd4 Rxd4 28. Nf5 $40) 26. Bxf4 Rf6 27. Be3 Ne7 28. Rc7 Qd5 (28... Nd5 $2 29.
Rd7 $18) 29. Qxd5 Nxd5 30. Rxa7 {White is a pawn up, but it's hard for him to
achieve progress.} Rf8 31. Kh2 Kg8 32. Kh3 Nf4+ 33. Kh2 {Karpov does not want
to take any risk.} (33. Kg4 Nd5 $1 (33... Nxg2 34. d5 {[%csl Gd5]} (34. Nf5 $4
Be2+))) 33... Nd5 34. Rd7 Nf6 35. Rd6 Ra8 36. Rxb6 Rxa3 {Black has reasonable
chances for a draw.} 37. Kh3 Ra5 38. Kh4 Rd5 39. Rb7 (39. Bxh6 Rxd4 $16) 39...
Bc2 40. Bf4 $2 {This just leads to exchange of pawns, which will make black's
defensive task much easier.} (40. Rc7 Bd1 41. Rc5 {and white is keeping
chances for a win.}) 40... Rxd4 41. Rxg7+ $6 {This leads to a drawish position
by force.} (41. Be5 Rd5 $1 (41... Rd7 42. Rb2 Bd3 43. Bxf6 gxf6 44. Nf5 $16)
42. Bxf6 gxf6 {In this position white still keeps practical winning chances.})
41... Kxg7 42. Nf5+ Kh7 43. Nxd4 Bd1 {[%csl Rh5]} 44. Nf5 Bxh5 45. Nxh6 Nd5 46.
Bc1 e3 $1 {Transforming the position to a drawish endgame with opposite colour
bishops.} 47. fxe3 Kxh6 48. e4+ Kg6 49. exd5 Bd1 $1 50. g4 Bb3 51. d6 Be6 52.
Bg5 Bc8 53. Be7 Bd7 54. Kg3 Bc8 55. Kf4 Bd7 {This endgame a theoretical draw.}
56. g5 Kf7 57. Ke5 Be8 58. Kd5 Ba4 59. Bd8 Ke8 60. Ba5 Kf7 61. Bc3 Be8 62. Bb2
Ba4 63. Bc1 Be8 64. Bb2 Ba4 65. Kc5 Ke6 66. g6 Kd7 67. g7 (67. g7 Bb3 {
followed by 68...Bg8, building fortress.}) 1/2-1/2

[Event "Cap d'Agde-B"]
[Site "Cap d'Agde"]
[Date "2003.10.25"]
[Round "3"]
[White "Polgar, Judit"]
[Black "Karpov, Anatoly"]
[Result "1-0"]
[WhiteElo "2722"]
[BlackElo "2693"]
[Annotator "Huzman"]
[PlyCount "99"]
[EventDate "2003.10.24"]
[EventType "tourn (rapid)"]
[EventRounds "7"]
[EventCountry "FRA"]
[EventCategory "19"]
[Source "ChessBase"]
[SourceDate "2004.02.03"]

1. e4 e5 2. Nf3 Nf6 3. Nxe5 d6 4. Nf3 Nxe4 5. d4 d5 6. Bd3 Be7 7. O-O Nc6 8. c4
Nb4 9. Be2 O-O 10. Nc3 Bf5 11. a3 Nxc3 12. bxc3 Nc6 13. Re1 Re8 14. c5 $146 {
[%cal Ge2b5] Polgar would rather stay away from well-trodden theoretical ways
but relieving the pressure in the central area doesn't promise any realistic
chances to get an edge} (14. cxd5) (14. Bf4) 14... Na5 15. Ne5 Bf6 (15... Bxc5
16. Nxf7 (16. Bh5 g6 17. dxc5 gxh5 18. Qxh5 Bg6 $11) 16... Kxf7 17. dxc5 $14)
16. Bf4 Bxe5 $1 17. Bxe5 Qd7 18. Bf1 f6 19. Bf4 Rxe1 20. Qxe1 Re8 21. Qd1 b6
$11 {Black has handled the opening with quite an ease. His future problem
might have been caused by the time-trouble factor} 22. h3 Re7 23. Ra2 Kf7 $6
24. Rb2 Nc4 25. Bxc4 dxc4 26. d5 $1 bxc5 $2 {Now, his R being let into the 7th
rank, White starts enjoying some significant tactical opportunities} (26... Bd3
$5 27. d6 cxd6 28. cxd6 Re4 29. Bg3 f5 30. f3 Re6 $11) 27. Rb7 Qc8 $2 (27...
Be4 $5 28. Rxa7 Qxd5 29. Qxd5+ Bxd5 30. Be3 $14) 28. Rxa7 Qb8 29. d6 $1 Qxa7 $2
(29... cxd6 30. Qd5+ Be6 31. Qh5+ Kf8 32. Ra6 Qc8 33. Rb6 $16 Kg8 34. Bxd6 Bf7
35. Qxc5 $16) 30. Qh5+ Bg6 31. Qd5+ Kf8 32. dxe7+ Kxe7 33. Be3 $1 $18 Qa6 34.
Bxc5+ Ke8 35. Qg8+ Kd7 36. Qxg7+ Kc8 37. h4 Qc6 38. Qg8+ Kb7 39. Qxc4 Bc2 40.
Qb4+ Kc8 41. Bd4 f5 42. Qe7 h6 43. f3 Kb7 44. Kh2 Bd3 45. Be5 Bc4 46. Qf6 Qxf6
47. Bxf6 h5 48. g4 fxg4 49. fxg4 hxg4 50. Kg3 1-0

[Event "Benidorm Bali"]
[Site "Benidorm"]
[Date "2003.11.27"]
[Round "4"]
[White "Polgar, Judit"]
[Black "Azmaiparashvili, Zurab"]
[Result "0-1"]
[WhiteElo "2722"]
[BlackElo "2693"]
[Annotator "Huzman"]
[PlyCount "82"]
[EventDate "2003.11.27"]
[EventType "tourn (rapid)"]
[EventRounds "11"]
[EventCountry "ESP"]
[EventCategory "16"]
[Source "ChessBase"]
[SourceDate "2004.03.30"]

1. e4 {Ftacnik} d6 2. d4 Nf6 3. Nc3 e5 4. Nf3 Nbd7 5. Bc4 Be7 6. O-O O-O 7. Re1
c6 8. a4 b6 9. d5 cxd5 10. Bxd5 Nxd5 11. Nxd5 Nf6 $1 (11... Bb7 12. a5 $36) 12.
c4 {Ftacnik: 'A new move, that can hardly aspire for an advantage. Relatively
the most promissing continuation is 12.Nxf6+, but with an exact play black
should be able to equalize.'} (12. Nxe7+ Qxe7 13. Bg5 h6 14. Bxf6 {1/2-1/2 De
la Riva Aguado,O-Magem Badals,J/Manresa 1996/EXT 98 (14)} (14. Bxf6 Qxf6 15.
Qd3 (15. Nd2 {Ftacnik} Be6 16. Nf1 Rfd8 17. Ne3 Rac8 18. Qd3 Qe7 19. c4 Qc7 20.
b3 a6 21. Red1 Qc5 22. Nd5 $14 {Khruschiov,A-Strikovic,A/Internet section 16-B/
2003/}) 15... Bb7 16. c4 Qe7 17. Nd2 f5 18. exf5 Qg5 19. Ne4 Qxf5 $11 {1/2-1/2
Bitalzadeh,A-Ellenbroek,T/Dieren NED 2003/(76)})) (12. Nxf6+ Bxf6 13. c4 Bb7
14. b3 Be7 15. Qd3 (15. Ba3 f5 (15... g6 16. Ra2 Qc7 17. Rd2 Rad8 18. Rd3 Kh8
19. Nd2 f5 20. f3 $14 {1/2-1/2 Lobron,E-Rebers,E/Amsterdam 2002/CBM 89 ext (47)
}) 16. Nd2 Qd7 (16... Bh4 17. Ra2 Qf6 18. Nf3 Bxf2+ 19. Rxf2 fxe4 20. Qxd6 exf3
21. Qxe5 Qxe5 22. Rxe5 Rfe8 {1/2-1/2 Gyimesi,Z-Ruck,R/Budapest 1996/CBM 57 (22)
}) 17. Ra2 Rad8 $15 {0-1 Kalod,R-Jansa,V/Zlin 1997/CBM 61/[Blatny,P] (43)})
15... f5 16. exf5 Bf6 17. Rb1 e4 18. Rxe4 Bxe4 19. Qxe4 Qe7 20. Qd3 Rfe8 21.
Ba3 Rad8 22. Kf1 $14 {1-0 Acs,P-Conquest,S/Bled 2002/EXT 2003 (42)}) 12... Nxd5
13. exd5 $6 (13. Qxd5 Be6 14. Qd3 Qc8 15. b3 f5 $132) 13... Bg4 $15 {The
position of Black is much better due to the pair of bishops and the
possibility of the pawn advances f5 and e4.} 14. a5 Qd7 {[%cal Yb6b5]} (14...
Qc7 15. Qa4) (14... bxa5 {Ftacnik} 15. Bd2 Qb6 16. Ra2 $11) 15. Qa4 $2 {This
move doesn't prevent the planned break of pawns chain c4-d5 but helps it.} (15.
h3 $142 Bf5 (15... Bh5 $2 16. Nxe5 $18) 16. Be3 $132) 15... b5 $1 {Ftacnik: 'A
very impressive small combination. Azmaiparashvili is not satisfied with
simple equality and instead tries for an active play. '} (15... Qb7 $5) 16.
Qxb5 (16. cxb5 Rfb8 17. b6 axb6 $17 {[%csl Rd5]}) 16... Qxb5 17. cxb5 Rfb8 18.
b6 (18. Nd4 $1 Kf8 (18... Bf6 {Ftacnik} 19. Nc6 Rxb5 20. h3 Bd7 21. Rd1 a6 $15)
19. Nc6 Rxb5 $17 {[%csl Rd5]}) 18... axb6 19. a6 {'?' Ftacnik.} (19. Nd4 $5 {
Ftacnik} Bd7 (19... exd4 20. Rxe7 bxa5 21. Re4 Bd7 22. Rxd4 a4 23. h3 $11) 20.
a6 Rc8 21. Bd2 Kf8 $15) 19... Bc8 $17 20. a7 (20. Nd4 $142 Bxa6 (20... Rxa6 21.
Rxa6 Bxa6 22. Nc6 Rb7 23. Be3 $44) 21. Nc6 Re8 22. Be3 Bf6 23. Bxb6 Bc4 $17)
20... Rb7 21. Be3 Rbxa7 22. Rac1 (22. Rxa7 Rxa7 23. Bxb6 Rb7 24. Rc1 Bf5 25.
Rc6 Kf8 $5 (25... Be4 26. Rc8+ Bf8 27. Nd2 Bxd5 28. Bc7 Be6 29. Rxf8+ Kxf8 30.
Bxd6+ Ke8 31. Bxe5 f6 $17) 26. b4 Bd7 27. Ba5 Rb5 28. Rc7 Rxd5 $19) 22... Bb7
23. Bxb6 Ra6 24. Bc7 Bxd5 $19 25. b4 Bc6 26. Nd4 exd4 $1 27. Rxe7 d3 28. Rd1
Ra1 $1 29. Ree1 Rxd1 30. Rxd1 Ra2 31. f3 d2 32. Kf2 Ba4 33. Ke2 Bxd1+ 34. Kxd1
d5 35. Be5 f6 36. Bd4 Kf7 37. g4 Ke6 38. h4 Ra3 39. f4 Rd3 40. f5+ Kd7 41. Bc5
Rg3 0-1

[Event "Benidorm Bali"]
[Site "Benidorm"]
[Date "2003.11.28"]
[Round "6"]
[White "Polgar, Judit"]
[Black "Vallejo Pons, Francisco"]
[Result "1/2-1/2"]
[WhiteElo "2722"]
[BlackElo "2662"]
[Annotator "Lukacs"]
[PlyCount "86"]
[EventDate "2003.11.27"]
[EventType "tourn (rapid)"]
[EventRounds "11"]
[EventCountry "ESP"]
[EventCategory "16"]
[Source "ChessBase"]
[SourceDate "2004.03.30"]

1. e4 c6 2. d4 d5 3. Nc3 dxe4 4. Nxe4 Bf5 5. Ng3 Bg6 6. h4 h6 7. Nf3 Nd7 8. Bd3
{In some cases when Black castles >> a g4-g5 push can be forceful with a P on
h4. Otherwise it is a loss of a tempo, in the _|_ the h5 P blocks g7 and h6.} (
8. h5 {is still the main line.}) 8... Bxd3 9. Qxd3 e6 10. Bf4 Ngf6 11. O-O-O
Be7 12. Kb1 O-O 13. Ng5 $6 {Unfortunately Black is not forced to take the
intruder N.} (13. Qe2 Qa5 14. Ne5 Rad8 15. Rd3 {This is a typical manoeuvre in
this type of position.} Nd5 (15... Nxe5 $6 {This exchange makes White's ->
more dangerous. Besides g4-g5 White can also make profit from the h5 square by
Nh5!} 16. dxe5 Nd5 17. Bd2 Qb5 (17... Qb6 $2 18. Nh5 $1 Kh7 19. Nxg7 $1 {
destroying Black's >>.} Kxg7 20. Rg3+ Kh7 21. Qh5 $18) (17... Qa4 18. Ne4 $14 (
18. Nh5 Nb4 (18... Kh8 19. Nxg7 $1) 19. Bxb4 Qxb4 20. Rg3 g6 $11)) 18. Qg4 $1
$14 {This is the precise move order.} (18. Ne4 Nb4 $1 (18... Nb6 $2 {founders
on tactics again:} 19. Nf6+ $1 Bxf6 (19... gxf6 $2 20. Bxh6 $18) (19... Kh8 20.
Bxh6 $1 $18) 20. exf6 Rxd3 21. cxd3 Na4 22. b3 Rd8 23. Rh3 $16) 19. Bxb4 Bxb4
20. Nf6+ {now doesn't lead anywhere after} gxf6 21. Qg4+ Kh7 22. exf6 Rg8 23.
Qe4+ Qf5 $15) (18. Nh5 Ba3 $1 19. b3 Ne7 $13) 18... Kh8 19. Nh5 (19. c4 Qa6 20.
Bg5 $5 {is again another attacking motif thanks to the P on h4.}) 19... Rg8 20.
c4 (20. Bg5 $5) 20... Qa6 21. Rd1 $14 (21. Rc1 $2 {Overlooking in a promising
position the following tactical blow.} Ne3 $1 22. Bxe3 $1 {sacrificing the
exchange was the lesser evil.} (22. Qe4 $143 Rxd3 (22... Nf5 23. Bc3 Rxd3 {-
22...Rxd3}) 23. Qxd3 Nf5 24. Bc3 Rd8 25. Qe4 b5 $132 {McShane-Johannessen,
Malmo 2003 CBM 97}) 22... Rxd3 23. Qf4 $1 (23. Bxh6 gxh6 24. Qf4 Rg7 $15) 23...
Rf8 {and now White can make a draw in two different ways:} (23... Rxe3 $2 24.
fxe3 Rf8 25. Qg4 g6 (25... Rg8 26. Rf1 $16) 26. Nf6 $16) 24. Qg3 (24. Nxg7 Kxg7
25. Qxh6+ Kg8 26. Bg5 Bxg5 27. Qxg5+ $11) 24... Rg8 $11)) (15... Qa4 $5) 16.
Bd2 Qa4 $1 {is a better place for the Q.} (16... Qb6 17. Nh5 N5f6 (17... N7f6
18. c4 Nb4 19. Rb3 Nxh5 20. Qxh5 a5 21. c5 Qc7 22. Bxh6 $16 {destroying
Black's P shelter.}) (17... Nxe5 18. dxe5 {- 15...Nxe5}) 18. Rg3 Nxh5 19. Qxh5
Bf6 20. Ng4 $16) 17. Ne4 (17. Nh5 Nxe5 18. dxe5 {- 15...Nxe5}) 17... N7f6 $142
(17... Nxe5 18. dxe5 $14) 18. Nxf6+ Nxf6 $13) (13. Ne4 Qa5 14. Nxf6+ Nxf6 15.
Ne5 Rad8 16. Qg3 Kh8 17. Qb3 {This manoeuvre fails to impress, the _|_ cannot
be better for White.} Qb6 18. Rd3 Nd5 19. Bc1 Bf6 20. Rhd1 Qxb3 21. axb3 Kg8
$11 {Hracek-Gyimesi, Medulin 2002}) (13. Ne5 {- Miroshnichenko-Dreev, Keres
mem rapid 2003 CBM 93}) 13... Qa5 $1 (13... a5 $6 {is the old, slow plan.} 14.
Nh5 $1 $36 c5 (14... hxg5 $4 {opens the h <-> for White, which has lethal
consequences.} 15. Nxf6+ Nxf6 16. hxg5 $18) 15. dxc5 Bxc5 16. Ne4 Nxh5 17. Qxd7
Nxf4 18. Nxc5 Qb6 $13) 14. Bd2 (14. Nh5 $2 hxg5 15. Nxf6+ gxf6 16. hxg5 Qf5 17.
Qe2 fxg5 18. Qh5 Bf6 $17) (14. N5e4 Rfd8 $13) 14... Qd5 15. c4 $2 {[#] White
pushes it too hard.} (15. N5e4 {was still nothing special.} Rfd8 16. Qe2 (16.
c4 $6 Ne5 $1) 16... Nb6 17. Bf4 Qc4 $13) 15... Ne5 $1 16. Qc2 $2 (16. Qa3 Nxc4
17. Qxe7 Nxd2+ 18. Rxd2 hxg5 19. hxg5 Qxg5 $17) (16. Qh7+ Nxh7 17. cxd5 Ng4 $1
18. Nxh7 Kxh7 $17) 16... Nxc4 $19 {Now White is simply lost..., but this was a
rapid game.} 17. Bc1 Rfe8 18. f4 Nd6 19. Nf3 Nf5 20. Ne2 {White has to avoid
the exchanges.} Nd6 21. Ne5 Qxg2 22. Ka1 Nf5 23. Rhg1 Qe4 24. Qd2 Rad8 25. Ng3
Nxg3 26. Rxg3 c5 (26... Bc5 $1 27. Rdg1 Nh5 $19 {was as good as winning.}) 27.
f5 $5 Nh5 28. fxe6 fxe6 (28... f6 $5) 29. Rg4 Qf5 30. Qe2 {White has created
some practical counterchances on the g <->.} Rf8 (30... cxd4 $142 31. Bxh6 (31.
Rgxd4 $2 Rxd4 32. Rxd4 Bf6 $19) 31... Bf6 $17 {was still very strong.}) 31. Ng6
Rf7 32. Nxe7+ Rxe7 33. Rf1 {White's pieces become more and more active.} Qd5 (
33... Qh7 $2 34. Qe5 Qd3 35. Rgg1 $16) 34. Bxh6 {Now White has already
reasonable counterchances.} Rf8 35. Rfg1 (35. dxc5 Rxf1+ 36. Qxf1 Rd7 $13)
35... Qf3 $1 (35... cxd4 36. Rg5 Qf3 37. Qxf3 Rxf3 38. Rxh5 e5 39. Kb1 e4 40.
Rhg5 Rff7 41. Rd5 $14) 36. Qc4 cxd4 (36... Qd5 37. Qe2 Qf3 $11 {is only a
repetition of moves.}) 37. Qxd4 e5 38. Qc4+ Kh8 39. Bc1 Rf6 40. a3 Rc6 41. Qb4
Rec7 42. Bg5 Qf5 43. Be3 Qf3 1/2-1/2

[Event "Benidorm Bali"]
[Site "Benidorm"]
[Date "2003.11.28"]
[Round "8"]
[White "Polgar, Judit"]
[Black "Mamedyarov, Shakhriyar"]
[Result "1-0"]
[WhiteElo "2722"]
[BlackElo "2595"]
[Annotator "Huzman"]
[PlyCount "93"]
[EventDate "2003.11.27"]
[EventType "tourn (rapid)"]
[EventRounds "11"]
[EventCountry "ESP"]
[EventCategory "16"]
[Source "ChessBase"]
[SourceDate "2004.03.30"]

1. e4 e5 2. Nf3 Nf6 3. Nxe5 d6 4. Nf3 Nxe4 5. d4 d5 6. Bd3 Bd6 7. O-O O-O 8. c4
c6 9. Re1 Re8 10. Nc3 Nxc3 11. bxc3 Rxe1+ 12. Qxe1 h6 13. Ne5 (13. h3 Be6 14.
cxd5 (14. c5 Bc7 15. Ne5 Nd7 16. f4 Bxe5 17. fxe5 b6 18. cxb6 axb6 {1/2-1/2
Zajac,M-Tadych,A/Krynica 2001/EXT 2003 (18)}) 14... cxd5 15. Ne5 (15. Rb1 Qc7
16. Bd2 Nd7 17. Qe2 Nf6 18. Re1 Re8 19. Qd1 Bd7 20. Rxe8+ Nxe8 21. Qc2 {1/2-1/
2 Zajac,M-Tadych,A/Zakopane 2001/EXT 2002 (21)}) 15... Nc6 16. f4 Qc7 17. Bd2
Re8 18. Qg3 Ne7 19. Qf3 f6 20. Ng6 Nxg6 21. Bxg6 Bf7 22. Bd3 a6 {1/2-1/2
Hawelko,M-Garcia Gonzales,G/Polanica Zdroj 1987/CBM 05 (22)}) 13... Nd7 14. f4
Nf6 15. c5 Bc7 16. Rb1 $36 {[%csl Rb7]} Qe8 $1 {Black is ready to play Ne4 /\
f6 or to make the move b6 which liquidates the weakness on b7.} 17. Rb2 $1 {
[%cal Gb2b7,Gb2e2,Ge1e8]} Ne4 (17... b6 $1 18. Re2 bxc5 19. Nxf7 $140 Qxf7 20.
Re7 Qh5 21. Rxc7 Bf5 $1 22. Bf1 (22. Bxf5 Qxf5 23. dxc5 Re8 $44) 22... Re8 $132
) 18. c4 $1 (18. Bxe4 dxe4 19. Qxe4 f6 20. Qg6 Qxg6 21. Nxg6 Kf7 22. Nh4 b6 $44
(22... g5 $5 23. Nf3 b6 $44)) 18... f6 19. cxd5 (19. Nf3 b6 20. Re2 Bf5 $11)
19... cxd5 20. Bb5 (20. Nf3 b6 21. Re2 Bb7 (21... Bf5 22. Nh4 Bh7 23. f5 Qa4
24. Be3 Re8 $15)) 20... Qe6 21. Ng6 Qf7 22. Nh4 g5 23. Nf3 Bf5 $15 24. Bd3 b6
25. Re2 Re8 26. h3 Qe7 (26... bxc5 27. dxc5 {[%cal Gf3d4]} Qf8 28. fxg5 fxg5
29. Ba3 Bb6 $5 30. cxb6 Qxa3 $11) 27. g4 Bh7 (27... Bd7 $5 28. fxg5 hxg5 29.
Nd2 Bc6 $11) 28. f5 bxc5 29. Nd2 (29. Ba3 Qd6 30. Bxc5 Qf4 $36) 29... Qd6 $6 (
29... cxd4 30. Nxe4 (30. Bxe4 dxe4 31. Rxe4 Be5 $17) 30... dxe4 31. Rxe4 Be5
32. Bb2 Rd8 $17) 30. Bxe4 dxe4 31. Nxe4 Qxd4+ 32. Kf1 $13 Rb8 33. Bd2 $1 (33.
Nxg5 $5 hxg5 (33... Qd3 34. Kg2 $11) 34. Re8+ $11) 33... Be5 34. Bc3 Qd3 35.
Kg2 Rb1 $2 (35... Bxc3 36. Nxc3 Kf8 37. Rd2 $1 Qa6 38. Qe3 Qc6+ 39. Ne4 Kg7 40.
Rd6 Qb7 41. Kf2 $36) 36. Qd2 $1 c4 (36... Qxd2 37. Rxd2 (37. Nxd2 Rc1 38. Bxe5
fxe5 39. Kf2 Kf8 40. Rxe5 Rc2 $132) 37... Bxc3 38. Nxc3 Rb7 39. Ne4 $16) 37.
Bxe5 fxe5 38. Qxd3 cxd3 39. Rd2 $16 Rb4 40. Nf6+ $2 (40. Kf3 $1 Rd4 41. Ke3 $16
) 40... Kg7 $2 (40... Kf7 $1 41. Nxh7 e4 $17) 41. Nh5+ Kf8 42. Rxd3 $16 Rb2+ $2
(42... Bg8 $142 43. Rd8+ Kf7 44. Rd7+ (44. Kf3 $5 $16) 44... Kf8 45. Rxa7 Rb2+
46. Kf3 Bd5+ 47. Ke3 Rh2 $132) 43. Kf3 Rb7 $2 (43... Bg8 44. Rd8+ Kf7 45. a4
$16) 44. Rd8+ Ke7 45. Rh8 $18 Kd6 46. Nf6 e4+ 47. Kxe4 1-0

[Event "Neuilly Ernst Young sim"]
[Site "Neuilly"]
[Date "2004.04.04"]
[Round "8"]
[White "Polgar, Judit"]
[Black "Bon, Michael"]
[Result "1/2-1/2"]
[WhiteElo "2728"]
[BlackElo "2200"]
[PlyCount "113"]
[EventDate "2004.04.??"]
[EventType "simul"]
[EventRounds "1"]
[EventCountry "FRA"]
[Source "ChessBase"]
[SourceDate "2004.11.15"]

1. e4 c5 2. Nf3 d6 3. d4 cxd4 4. Nxd4 Nf6 5. Nc3 a6 6. Be3 e6 7. f3 b5 8. g4
Bb7 9. g5 Nfd7 10. Bg2 Nb6 11. f4 Nc4 12. Bf2 Nxb2 13. Qf3 Nc4 14. Qh3 g6 15.
O-O Bg7 16. Rad1 Nc6 17. e5 d5 18. f5 Nxd4 19. f6 Bf8 20. Bxd4 h5 21. Ne2 Qd7
22. Nf4 O-O-O 23. Qd3 Rg8 24. h4 Qc7 25. Rde1 Kb8 26. Bh3 Bc8 27. Kh1 Ka8 28.
c3 Ba3 29. Qe2 Bd7 30. Qf2 Rc8 31. Nd3 Qc6 32. Rb1 Rb8 33. Rfd1 Nb6 34. Bg2
Rgc8 35. Rb3 Bf8 36. a4 Nxa4 37. Ra1 Qc4 38. Nc1 Rb7 39. Bf1 Qc6 40. Nd3 Rcb8
41. Qe3 Rc7 42. Qe1 Bc8 43. Qb1 Rcb7 44. Nb4 Bxb4 45. Rxb4 Bd7 46. Qd1 Qc8 47.
Qe2 Rc7 48. Bg2 Rc4 49. Raxa4 Rxd4 50. Rxa6+ Qxa6 51. Rxd4 Rc8 52. Qb2 Rc4 53.
Rxc4 bxc4 54. Qb4 Qa1+ 55. Kh2 Qe1 56. Qf8+ Kb7 57. Qxf7 1/2-1/2

[Event "Neuilly Ernst Young sim"]
[Site "Neuilly"]
[Date "2004.04.04"]
[Round "8"]
[White "Polgar, Judit"]
[Black "Guilbert, Herve"]
[Result "1/2-1/2"]
[WhiteElo "2728"]
[BlackElo "2118"]
[PlyCount "62"]
[EventDate "2004.04.??"]
[EventType "simul"]
[EventRounds "1"]
[EventCountry "FRA"]
[Source "ChessBase"]
[SourceDate "2004.11.15"]

1. d4 Nf6 2. c4 e6 3. Nc3 Bb4 4. e3 c5 5. Bd3 Nc6 6. Nge2 cxd4 7. exd4 d5 8.
O-O dxc4 9. Bxc4 O-O 10. Bg5 Be7 11. Rc1 Nb4 12. Qb3 Nbd5 13. Bxf6 Nxf6 14.
Rfd1 Qa5 15. d5 exd5 16. Nxd5 Nxd5 17. Rxd5 Qb4 18. Qxb4 Bxb4 19. Nf4 a6 20. h3
h6 21. Rdd1 b5 22. Bd5 Ra7 23. Be4 Ba5 24. a3 Bc7 25. Nd5 Be5 26. Rc2 Be6 27.
b4 Rd7 28. Rcd2 Rfd8 29. Rd3 Kf8 30. Kf1 Bb2 31. R1d2 Bxd5 1/2-1/2

[Event "Maccabiah sim"]
[Site "Jerusalem"]
[Date "2005.07.??"]
[Round "1"]
[White "Polgar, Judit"]
[Black "Gilboa, Amos"]
[Result "1/2-1/2"]
[WhiteElo "2728"]
[BlackElo "2166"]
[PlyCount "58"]
[EventDate "2005.07.??"]
[EventType "simul"]
[EventRounds "1"]
[EventCountry "ISR"]
[Source "ChessBase"]
[SourceDate "2005.11.24"]

1. e4 c6 2. d4 d5 3. exd5 cxd5 4. c4 Nf6 5. Nc3 e6 6. Nf3 Bb4 7. Bd2 dxc4 8.
Bxc4 O-O 9. O-O b6 10. Bd3 Bb7 11. Ne5 Nbd7 12. Bg5 Bxc3 13. Nxd7 Qxd7 14. Bxf6
gxf6 15. Qh5 f5 16. bxc3 Qd5 17. Qg5+ Kh8 18. Qf6+ Kg8 19. f3 Rac8 20. Rac1 Qd8
21. Qe5 Qh4 22. a4 Rfd8 23. Rfd1 Qg5 24. Kf2 Rd5 25. Qe3 Qxe3+ 26. Kxe3 Ra5 27.
c4 Rxa4 28. Ra1 Bc6 29. Rxa4 Bxa4 1/2-1/2